|
|
|
|
| LEADER |
01472cam a2200277 i 4500 |
| 001 |
20494946 |
| 003 |
GR-PaULI |
| 005 |
20231219133455.0 |
| 008 |
180514s2018 maua 001 0 eng |
| 020 |
|
|
|a 9780262039291
|q (hardcover : alk. paper)
|
| 020 |
|
|
|a 9780262536547
|q (pbk. : alk. paper)
|
| 040 |
|
|
|a DLC
|b gre
|c DLC
|e AACR2
|d GR-PaULI
|
| 082 |
0 |
4 |
|a 415
|2 23
|
| 100 |
1 |
|
|a Kotek, Hadas
|e συγγραφέας
|9 193259
|
| 245 |
1 |
0 |
|a Composing questions /
|c Hadas Kotek.
|
| 260 |
|
|
|a Cambridge, Massachusetts ;
|a London :
|b The MIT Press,
|c c2018.
|
| 300 |
|
|
|a xii, 210 σ. :
|b εικ. ;
|c 23 εκ.
|
| 490 |
0 |
|
|a Linguistic inquiry monographs ;
|v 80
|
| 504 |
|
|
|a Περιλαμβάνει βιβλιογραφικές παραπομπές και ευρετήριο.
|
| 650 |
|
4 |
|a Γραμματική, Συγκριτική και γενική
|x Ερωτηματικός τύπος
|9 56787
|
| 650 |
|
4 |
|a Γραμματική, Συγκριτική και γενική
|x Σειρά των όρων
|9 57728
|
| 942 |
|
|
|2 ddc
|c BK
|
| 952 |
|
|
|0 0
|1 0
|2 ddc
|4 0
|6 415_000000000000000_KOT
|7 0
|9 363079
|a LISP
|b LISP
|c BSC
|d 2022-08-01
|i 257971
|l 0
|o 415 KOT
|p 025000294051
|r 2022-08-01 00:00:00
|t 1
|w 2022-08-01
|y BK15
|
| 952 |
|
|
|0 0
|1 0
|2 ddc
|4 0
|6 415_000000000000000_KOT
|7 0
|9 375891
|a LISP
|b LISP
|c BSC
|d 2023-12-19
|i 263144
|l 0
|o 415 KOT
|p 025000305585
|r 2023-12-19 00:00:00
|t 2
|w 2023-12-19
|y BK15
|x Προσκτήσεις Τμήματος Φιλολογίας
|
| 998 |
|
|
|c ΓΚΟΓΚΟΥ
|d 2022-08
|
| 999 |
|
|
|c 212126
|d 212126
|